The beauties of England and Wales / (Record no. 793103)

MARC details
000 -LEADER
fixed length control field 01005nam a2200337 a 4500
001 - CONTROL NUMBER
control field vtls000968536
003 - CONTROL NUMBER IDENTIFIER
control field NLI
005 - DATE AND TIME OF LATEST TRANSACTION
control field 20210627095141.0
008 - FIXED-LENGTH DATA ELEMENTS--GENERAL INFORMATION
fixed length control field 120112m1812uuuuenk 000 0 eng
039 #9 - LEVEL OF BIBLIOGRAPHIC CONTROL AND CODING DETAIL [OBSOLETE]
-- 201201121758
-- Entertech_02
040 0# - CATALOGING SOURCE
Original cataloging agency NLI
Language of cataloging eng
Transcribing agency Entertech-2011
Description conventions AACR2
041 0# - LANGUAGE CODE
Language code of text/sound track or separate title eng
044 ## - COUNTRY OF PUBLISHING/PRODUCING ENTITY CODE
MARC country code enk
084 ## - OTHER CLASSIFICATION NUMBER
Classification number 62.D.1
100 1# - MAIN ENTRY--PERSONAL NAME
Personal name Britton, John
9 (RLIN) 856283
245 14 - TITLE STATEMENT
Title The beauties of England and Wales /
Statement of responsibility, etc. John Britton
260 ## - PUBLICATION, DISTRIBUTION, ETC.
Place of publication, distribution, etc. London :
Name of publisher, distributor, etc. J. Harris,
Date of publication, distribution, etc. 1812-
300 ## - PHYSICAL DESCRIPTION
Extent -v. ;
Dimensions 20 cm.
500 ## - GENERAL NOTE
General note Library has v.14, v.14 c.2
650 #0 - SUBJECT ADDED ENTRY--TOPICAL TERM
Topical term or geographic name entry element Architecture
Geographic subdivision England
9 (RLIN) 811276
650 #0 - SUBJECT ADDED ENTRY--TOPICAL TERM
Topical term or geographic name entry element Architecture
Geographic subdivision Wales
651 #0 - SUBJECT ADDED ENTRY--GEOGRAPHIC NAME
Geographic name England
General subdivision Antiquities
9 (RLIN) 723457
651 #0 - SUBJECT ADDED ENTRY--GEOGRAPHIC NAME
Geographic name Wales
General subdivision Antiquities
651 #0 - SUBJECT ADDED ENTRY--GEOGRAPHIC NAME
Geographic name England
General subdivision Description and travel
651 #0 - SUBJECT ADDED ENTRY--GEOGRAPHIC NAME
Geographic name Wales
General subdivision Description and travel
9 (RLIN) 799600
887 ## - NON-MARC INFORMATION FIELD
Content of non-MARC field
901 ## - LOCAL DATA ELEMENT A, LDA (RLIN)
a IMP51207 :
b 03.08.2010
9 v.14
901 ## - LOCAL DATA ELEMENT A, LDA (RLIN)
a IMP51208 :
b 03.08.2010
9 v.14, c.2
902 ## - LOCAL DATA ELEMENT B, LDB (RLIN)
a 62.D.1
942 ## - ADDED ENTRY ELEMENTS (KOHA)
Source of classification or shelving scheme Dewey Decimal Classification
Koha item type Books
Holdings
Withdrawn status Lost status Damaged status Not for loan Home library Current library Date acquired Total Checkouts Full call number Date last seen Price effective from Koha item type
        National Library of India National Library of India     62.D.1 27/06/2021 27/06/2021 Books
                                                                           
web counter

Copyright ©2020 The National Library of India, Govt. of India ↔ Hosted by NVLI, MOC ↔ Technology and Design by National Library of India, Ministry of Culture, Govt. of India